| 000 | 00876cam a2200145ua 4500 | ||
|---|---|---|---|
| 041 |
_aeng _h |
||
| 082 |
_a628.44 _bNII/PR |
||
| 110 | 1 |
_aNIIR Board . _b _c(Delhi ) |
|
| 245 | _aProducts from waste (Industrial and agrowaste) | ||
| 260 |
_aNew Delhi : _bNational Institute of industrial Research , _c2008. |
||
| 300 | _a608 ; . | ||
| 504 | _a | ||
| 942 | _cBK | ||
| 999 |
_c13178 _d13178 |
||